Climate change policy in the European Union : confronting the dilemmas of mitigation and adaptation? (Record no. 130853)

MARC details
000 -LEADER
fixed length control field 00810nam a2200217Ia 4500
008 - FIXED-LENGTH DATA ELEMENTS--GENERAL INFORMATION
fixed length control field 191130s2010##################000#0#eng##
020 ## - INTERNATIONAL STANDARD BOOK NUMBER
ISBN 9780521196123
082 ## - DEWEY DECIMAL CLASSIFICATION NUMBER
Classification number 363.70526094 JOR
245 ## - TITLE STATEMENT
Title Climate change policy in the European Union : confronting the dilemmas of mitigation and adaptation?
Statement of responsibility, etc edited by Andrew Jordan ... [et al.]
260 ## - PUBLICATION, DISTRIBUTION, ETC. (IMPRINT)
Place of publication Cambridge
Name of publisher Cambridge University Press
Year of publication 2010
300 ## - PHYSICAL DESCRIPTION
Number of Pages xx, 284 p. : ill. ; 26 cm
500 ## - GENERAL NOTE
General note Includes bibliographical references and index
650 ## - SUBJECT ADDED ENTRY--TOPICAL TERM
Topical Term Climatic changes - Government policy - European Union countries
Topical Term Climatic changes - International cooperation
700 ## - ADDED ENTRY--PERSONAL NAME
Personal name Jordan, Andrew
991 ## -
-- 269951
Holdings
Withdrawn status Lost status Damaged status Not for loan Home library Current library Date acquired Full call number Accession Number Price effective from Koha item type
        Anna Centenary Library Anna Centenary Library 12.10.2020 363.70526094 JOR 96758 12.10.2020 English Books

Find us on the map